[Event "Malaga-ch"]
[Site "Malaga"]
[Date "2012.01.29"]
[Round "7"]
[White "Perez Tores, Juan Miguel"]
[Black "Cardoso Garcia, Sergio"]
[Result "1/2-1/2"]
[WhiteElo "1753"]
[BlackElo "2093"]
[PlyCount "139"]
[EventDate "2012.01.14"]
[EventType "swiss"]
[EventRounds "9"]
[EventCountry "ESP"]
[SourceTitle "CBM 146 Extra"]
[Source "ChessBase"]
[SourceDate "2012.02.29"]
[SourceVersion "1"]
[SourceVersionDate "2012.02.29"]
[SourceQuality "1"]

1. e4 c5 2. Nf3 d6 3. d4 cxd4 4. Nxd4 Nf6 5. Nc3 Nc6 6. Bg5 Bd7 7. f4 Qb6 8. Bxf6 gxf6 9. Nxc6 bxc6 10. Qd2 Qa5 11. Be2 Rb8 12. Rb1 Bg7 13. 0-0 f5 14. Bf3 Bxc3 15. Qxc3 Qxc3 16. bxc3 0-0 17. e5 dxe5 18. fxe5 Be6 19. a3 Rfd8 20. Rb4 c5 21. Ra4 Rd7 22. Bc6 Rc7 23. Bf3 Rb2 24. Rc1 Kg7 25. Kf2 Bb3 26. Ra5 Bxc2 27. Ke3 Be4 28. h3 Bxf3 29. Kxf3 f6 30. exf6+ Kxf6 31. c4 Rd7 32. Rc3 Rdd2 33. Rxc5 e5 34. g4 Rg2 35. gxf5 Kxf5 36. Rc1 Rbf2+ 37. Ke3 Ra2 38. Kf3 Rgb2 39. Rc3 Re2 40. Ra5 h5 41. h4 Rh2 42. Kg3 Rag2+ 43. Kf3 Rg4 44. Re3 Rh3+ 45. Ke2 Rxe3+ 46. Kxe3 Rxc4 47. Rxa7 Rxh4 48. a4 Rh3+ 49. Kf2 Ra3 50. Rf7+ Kg6 51. Re7 Kf6 52. Ra7 Kg5 53. Re7 Kf4 54. Rh7 Ra2+ 55. Ke1 Ke3 56. Kf1 e4 57. Rxh5 Ra1+ 58. Kg2 Rxa4 59. Rb5 Ra2+ 60. Kf1 Kf3 61. Rf5+ Ke3 62. Rb5 Ra1+ 63. Kg2 Rd1 64. Rb3+ Rd3 65. Rb1 Ke2 66. Ra1 e3 67. Ra2+ Rd2 68. Ra1 Kd3+ 69. Kf1 Ke4 70. Ra8 1/2-1/2